[Event "34. Bayerische Senioren EM"]
[Site "Bergen im Chiemgau"]
[Date "2024.05.28"]
[Round "1.24"]
[White "Dijkstra, Matthijs"]
[Black "Paul, Ernst"]
[Result "1-0"]
[BlackElo "1781"]
[BlackTeam "ASV J'Adoube Grassau"]
[EventDate "2024.??.??"]
[PlyCount "83"]
[WhiteElo "1976"]
[WhiteTeam "SV Dubbelschaak 97"]

1. c4 f5 2. d4 Nf6 3. Nc3 e6 4. Nf3 d5 5. g3 c6 6. cxd5 exd5 7. Bg2 Bd6 8. Bg5
h6 9. Bf4 Bxf4 10. gxf4 O-O 11. e3 Nbd7 12. Qc2 Ne4 13. O-O-O Qa5 14. Kb1 Nxc3+
15. Qxc3 Qxc3 16. bxc3 Rb8 17. Kc2 b5 18. a3 a5 19. Rb1 Ba6 20. Rb2 a4 21. Bh3
Kh7 22. Rg1 g6 23. Bf1 Rg8 24. h4 h5 25. Kd2 Rbc8 26. Bd3 Nf6 27. Ng5+ Kh6 28.
f3 Nd7 29. Nf7+ Kh7 30. e4 fxe4 31. fxe4 dxe4 32. Bxe4 Nf6 33. Bd3 Ng4 34. f5
Rce8 35. fxg6+ Kg7 36. Nd6 Re6 37. Nf5+ Kh8 38. g7+ Rxg7 39. Nxg7 Kxg7 40. Bf5
Rf6 41. Bxg4 Rf2+ 42. Be2+  1-0

[Event "34. Bayerische Senioren EM"]
[Site "Bergen im Chiemgau"]
[Date "2024.05.28"]
[Round "1.25"]
[White "Brahn, Helmut"]
[Black "Biller, Helmut"]
[Result "0-1"]
[BlackElo "1971"]
[BlackTeam "SF Frankfurt"]
[EventDate "2024.??.??"]
[PlyCount "70"]
[WhiteElo "1779"]
[WhiteTeam "SG Springer Burghaun"]

1. c4 e6 2. a3 d5 3. cxd5 exd5 4. d4 Nf6 5. h3 Bd6 6. e3 c6 7. Nf3 Bf5 8. Nc3
Nbd7 9. Bd3 Bxd3 10. Qxd3 O-O 11. O-O Re8 12. Re1 Ne4 13. Qc2 a5 14. Nxe4 dxe4
15. Nd2 Nf6 16. f3 Qe7 17. fxe4 Nxe4 18. Nxe4 Qxe4 19. Qxe4 Rxe4 20. Kf2 Bc7
21. a4 Rd8 22. Bd2 Bb6 23. Bc3 f5 24. b3 Kf7 25. Kf3 h5 26. Rad1 g6 27. Rd3 Ke6
28. Rg1 Kd5 29. g4 hxg4+ 30. hxg4 Rxg4 31. Rxg4 fxg4+ 32. Kxg4 Ke4 33. Rd1 Kxe3
34. Kg5 Bxd4 35. Bxa5 Rd5+  0-1

[Event "34. Bayerische Senioren EM"]
[Site "Bergen im Chiemgau"]
[Date "2024.05.28"]
[Round "1.26"]
[White "Brettschneider, Karl"]
[Black "Burg, Henk"]
[Result "1/2-1/2"]
[BlackElo "1774"]
[BlackTeam "Hmc Den Bosch"]
[EventDate "2024.??.??"]
[PlyCount "52"]
[WhiteElo "1965"]
[WhiteTeam "SC Leinfelden"]

1. c4 c6 2. Nc3 Nf6 3. g3 e6 4. Bg2 d5 5. cxd5 cxd5 6. d4 Be7 7. Nf3 Nc6 8. O-O
O-O 9. a3 a6 10. b4 b5 11. h3 Bd7 12. Be3 Rc8 13. Qd3 h6 14. Rac1 Nh7 15. Rc2
f5 16. Bf4 Nf6 17. Ne5 Nxe5 18. Bxe5 Ne4 19. Nxe4 fxe4 20. Qb3 Qb6 21. f3 Rxc2
22. Qxc2 Rc8 23. Qd2 exf3 24. Bxf3 Bd6 25. Qe3 Bxe5 26. Qxe5 Qc7  1/2-1/2

[Event "34. Bayerische Senioren EM"]
[Site "Bergen im Chiemgau"]
[Date "2024.05.28"]
[Round "1.27"]
[White "Schleime, Franz-Josef"]
[Black "Jachs, Walter"]
[Result "1/2-1/2"]
[BlackElo "1964"]
[BlackTeam "SC Haar"]
[EventDate "2024.??.??"]
[PlyCount "29"]
[WhiteElo "1774"]
[WhiteTeam "SF Lennestadt-Meggen"]

1. d4 Nf6 2. Nf3 g6 3. Bf4 Bg7 4. e3 d5 5. h3 O-O 6. c3 c5 7. Nbd2 Nc6 8. dxc5
b6 9. cxb6 Qxb6 10. Qb3 Qc5 11. Be2 Nd7 12. Qb5 e5 13. Bg3 Qd6 14. Qb3 Rb8 15.
Qc2  1/2-1/2

[Event "34. Bayerische Senioren EM"]
[Site "Bergen im Chiemgau"]
[Date "2024.05.28"]
[Round "1.28"]
[White "Limbach, Torsten"]
[Black "Riess, Michael"]
[Result "1-0"]
[BlackElo "1773"]
[BlackTeam "SC Ansbach"]
[EventDate "2024.??.??"]
[PlyCount "91"]
[WhiteElo "1959"]
[WhiteTeam "SV Großhansdorf"]

1. d4 d5 2. Nf3 Nc6 3. g3 Nf6 4. Bg2 Bf5 5. O-O e6 6. c3 Be7 7. Nbd2 O-O 8. Nh4
Bg6 9. Nxg6 hxg6 10. e4 dxe4 11. Nxe4 Nxe4 12. Bxe4 Qd7 13. Qb3 Na5 14. Qc2 Nc6
15. Rd1 Rad8 16. Be3 Qc8 17. b4 Bf6 18. a4 Ne7 19. Rab1 Nd5 20. Bc1 c6 21. Ba3
Be7 22. Bf3 a5 23. Qb3 axb4 24. cxb4 Rd7 25. Rbc1 Rc7 26. h4 Rd8 27. Kg2 Rdd7
28. Rh1 Nf6 29. Rcd1 Qd8 30. Bb2 Nd5 31. Ba3 Nf6 32. Qb2 e5 33. dxe5 Rxd1 34.
Rxd1 Nd5 35. b5 Bxa3 36. Qxa3 Qe7 37. Qd6 Qxd6 38. exd6 Rd7 39. Bxd5 cxd5 40.
Rxd5 f6 41. Kf3 Kf7 42. Ke4 Ke6 43. a5 Rxd6 44. Rxd6+ Kxd6 45. Kd4 f5 46. a6 
1-0

[Event "34. Bayerische Senioren EM"]
[Site "Bergen im Chiemgau"]
[Date "2024.05.28"]
[Round "1.29"]
[White "Rogun, Ulrich"]
[Black "Aßmann, Norbert"]
[Result "0-1"]
[BlackElo "1962"]
[BlackTeam "SF 1967 Sailauf e.V."]
[Time "13:00:00"]
[PlyCount "102"]
[WhiteElo "1770"]
[WhiteTeam "FC Bayern München"]

1. e4 g6 2. d4 Bg7 3. Nf3 c6 4. Bf4 d5 5. e5 Bg4 6. h3 Bxf3 7. Qxf3 e6 8. Bd3
Qb6 9. b3 Qxd4 10. c3 Qb6 11. O-O Nd7 12. Re1 Ne7 13. Nd2 c5 14. c4 Qc7 15. Qg3
O-O-O 16. Nf3 d4 17. Rab1 Nc6 18. a3 a5 19. Be4 Bf8 20. Bxc6 bxc6 21. Ng5 Nb6
22. Bd2 Qa7 23. Qf3 Rd7 24. Qxc6+ Qc7 25. Qxc7+ Kxc7 26. Bxa5 Bh6 27. Ne4 Kc6
28. g3 Ra8 29. Bxb6 Kxb6 30. a4 Bf8 31. Nf6 Rb7 32. Nxh7 Be7 33. Nf6 Bxf6 34.
exf6 Ka5 35. Re2 Rab8 36. Reb2 Kb4 37. Kf1 Kc3 38. Ke1 e5 39. f3 Rb6 40. Kd1 d3
41. b4 cxb4 42. Rb3+ Kxc4 43. Kd2 Rd8 44. a5 Rb5 45. a6 Rd7 46. a7 Rxa7 47.
Rxd3 Ra2+ 48. Ke3 b3 49. Rc1+ Rc2 50. Rxc2+ bxc2 51. Kd2 c1=Q+  0-1

[Event "34. Bayerische Senioren EM"]
[Site "Bergen im Chiemgau"]
[Date "2024.05.28"]
[Round "1.30"]
[White "Jagdhuber, Hans"]
[Black "Hülle, Gunter"]
[Result "1-0"]
[BlackElo "1766"]
[BlackTeam "SV Springer Leipzig"]
[EventDate "2024.??.??"]
[PlyCount "68"]
[WhiteElo "1957"]
[WhiteTeam "SK Schweinfurt"]

1. c4 g6 2. Nc3 Bg7 3. Nf3 Nc6 4. g3 e5 5. d3 h6 6. Bg2 b6 7. O-O Bb7 8. Rb1 Nd4
9. e4 Ne7 10. b4 c6 11. Nxd4 exd4 12. Ne2 d5 13. exd5 cxd5 14. c5 bxc5 15. bxc5
Rb8 16. Nxd4 Bxd4 17. Qa4+ Nc6 18. Rxb7 Rxb7 19. Qxc6+ Qd7 20. Bxd5 Rc7 21.
Qxd7+ Kxd7 22. c6+ Kd6 23. Bf3 g5 24. Re1 Rcc8 25. Re4 Bb6 26. Ba3+ Kxc6 27.
Re5+ Kd7 28. Bg4+ Kc7 29. Bxc8 Kxc8 30. Rd5 Re8 31. Kg2 Re6 32. d4 Kc7 33. Bc5
Kc6 34. Rf5 f6  1-0

[Event "34. Bayerische Senioren EM"]
[Site "Bergen im Chiemgau"]
[Date "2024.05.28"]
[Round "1.31"]
[White "Waltner, Herbert"]
[Black "Döserich, Jürgen"]
[Result "0-1"]
[BlackElo "1933"]
[BlackTeam "SP Freiburg"]
[EventDate "2024.??.??"]
[PlyCount "50"]
[WhiteElo "1749"]
[WhiteTeam "SV Steinhausen"]

1. e4 c5 2. c3 Nf6 3. e5 Nd5 4. d4 cxd4 5. cxd4 d6 6. Bc4 Nb6 7. Bb3 Nc6 8. Qf3
e6 9. Ne2 dxe5 10. dxe5 Nxe5 11. Qe3 Nd3+ 12. Kf1 Nxc1 13. Qxc1 Bd7 14. Nbc3
Be7 15. Qc2 Rc8 16. Rd1 Qc7 17. a3 O-O 18. h4 Rfd8 19. Rh3 Bc6 20. Rhd3 Qh2 21.
Rg3 Qh1+ 22. Ng1 Bb5+ 23. Nxb5 Rxc2 24. Rxd8+ Bxd8 25. Rh3 Rc1+  0-1

[Event "34. Bayerische Senioren EM"]
[Site "Bergen im Chiemgau"]
[Date "2024.05.28"]
[Round "1.32"]
[White "Fischer, Manfred"]
[Black "Roß, Heinrich"]
[Result "1-0"]
[BlackElo "1743"]
[BlackTeam "SG Springer Burghaun"]
[EventDate "2024.??.??"]
[PlyCount "65"]
[WhiteElo "1949"]
[WhiteTeam "SK Töging"]

1. e4 c5 2. c3 e5 3. Nf3 Nc6 4. d4 cxd4 5. cxd4 exd4 6. Nxd4 Bb4+ 7. Nc3 Bxc3+
8. bxc3 Nge7 9. Nb5 O-O 10. Nd6 Qa5 11. Qd2 a6 12. Bc4 Ne5 13. Bb3 h6 14. O-O
N5g6 15. Bb2 Qg5 16. f4 Qc5+ 17. Qd4 b6 18. Rad1 Ra7 19. c4 Rc7 20. Kh1 Qxd4
21. Bxd4 Rc6 22. e5 b5 23. cxb5 axb5 24. f5 Nh4 25. g3 Rxd6 26. exd6 Bb7+ 27.
Kg1 Nexf5 28. gxh4 Nxh4 29. Rd3 Bc6 30. Rg3 g6 31. Bf6 g5 32. Be7 Nf3+ 33.
Rgxf3  1-0

[Event "34. Bayerische Senioren EM"]
[Site "Bergen im Chiemgau"]
[Date "2024.05.28"]
[Round "1.33"]
[White "Chochoy, Patrick"]
[Black "Weimer, Lothar"]
[Result "0-1"]
[BlackElo "1946"]
[BlackTeam "SK Kriegshaber"]
[EventDate "2024.??.??"]
[PlyCount "47"]
[WhiteElo "1729"]
[WhiteTeam "Franconville"]

1. e4 e6 2. d4 d5 3. e5 c5 4. c3 Ne7 5. Na3 Nec6 6. Nc2 Be7 7. Nf3 b6 8. h4 a5
9. Ng5 Ba6 10. Bxa6 Nxa6 11. Qf3 Bxg5 12. Bxg5 Qd7 13. Be3 O-O 14. Qg3 f6 15.
f4 fxe5 16. fxe5 Rf5 17. h5 cxd4 18. Bxd4 Nc5 19. Ne3 Ne4 20. Qh4 Nxd4 21. cxd4
Rf2 22. Ng4 Rxg2 23. h6 Qb5 24. O-O-O  0-1

[Event "34. Bayerische Senioren EM"]
[Site "Bergen im Chiemgau"]
[Date "2024.05.28"]
[Round "1.34"]
[White "Dyballa, Gerhard"]
[Black "Thonig, Manfred"]
[Result "1-0"]
[BlackElo "1726"]
[BlackTeam "SC Wolfratshausen"]
[EventDate "2024.??.??"]
[PlyCount "49"]
[WhiteElo "1943"]
[WhiteTeam "SV Meschede"]

1. c4 c5 2. Nc3 Nc6 3. g3 b6 4. Bg2 Bb7 5. e3 e5 6. Nge2 Nf6 7. O-O Na5 8. Bxb7
Nxb7 9. d4 e4 10. Qc2 Nd6 11. b3 Qe7 12. Nf4 g5 13. Nfd5 Qd8 14. Nxf6+ Qxf6 15.
Nxe4 Qg6 16. f3 Rc8 17. Bb2 Nf5 18. dxc5 Bg7 19. Bxg7 Qxg7 20. Nd6+ Nxd6 21.
cxd6 O-O 22. Rad1 h5 23. Rd5 Rfe8 24. f4 gxf4 25. exf4  1-0

[Event "34. Bayerische Senioren EM"]
[Site "Bergen im Chiemgau"]
[Date "2024.05.28"]
[Round "1.35"]
[White "Dreiseitel, Werner"]
[Black "Korat, Bernard"]
[Result "0-1"]
[BlackElo "1943"]
[BlackTeam "vereinslos"]
[EventDate "2024.??.??"]
[PlyCount "68"]
[WhiteElo "1724"]
[WhiteTeam "SW Nürnberg Süd"]

1. d4 d5 2. c4 c6 3. Nf3 Nf6 4. Nc3 e6 5. Bg5 Be7 6. e3 Nbd7 7. Be2 O-O 8. O-O
dxc4 9. Bxc4 b5 10. Be2 Bb7 11. a3 a6 12. Rc1 c5 13. dxc5 Nxc5 14. b4 Nce4 15.
Nxe4 Bxe4 16. Nd2 Bb7 17. Bf3 Nd5 18. Bxe7 Qxe7 19. Ne4 Rfd8 20. Qe2 Nb6 21.
Nc5 Bxf3 22. Qxf3 Nc4 23. Rfd1 a5 24. Rxd8+ Rxd8 25. Nb7 Rf8 26. bxa5 Nxa5 27.
Nxa5 Qxa3 28. Qc6 Qxa5 29. h3 h6 30. Rc5 Qe1+ 31. Kh2 Qxf2 32. e4 b4 33. Rb5
Rd8 34. Rxb4 Qf4+  0-1

[Event "34. Bayerische Senioren EM"]
[Site "Bergen im Chiemgau"]
[Date "2024.05.28"]
[Round "1.36"]
[White "Jaeger, Andre"]
[Black "Puhrer, Achim"]
[Result "1-0"]
[BlackElo "1707"]
[BlackTeam "SF Hoffenheim"]
[EventDate "2024.??.??"]
[PlyCount "49"]
[WhiteElo "1940"]
[WhiteTeam "SC Rochade (Berlin)"]

1. d4 Nf6 2. c4 e6 3. Nc3 d5 4. cxd5 exd5 5. Bg5 c6 6. Qc2 Be7 7. e3 O-O 8. Bd3
h6 9. Bh4 Ne8 10. Bg3 Nd7 11. Nge2 Ndf6 12. f3 b5 13. O-O Bd6 14. Bxd6 Nxd6 15.
e4 dxe4 16. fxe4 Ng4 17. Rf3 Nc4 18. h3 Nf6 19. Raf1 Nh7 20. b3 Nb6 21. Rg3 Ng5
22. Qc1 Ne6 23. Qxh6 g6 24. e5 Nxd4 25. Rxg6+  1-0

[Event "34. Bayerische Senioren EM"]
[Site "Bergen im Chiemgau"]
[Date "2024.05.28"]
[Round "1.37"]
[White "Krause, Helmut"]
[Black "Elbert, Gebhard"]
[Result "0-1"]
[BlackElo "1939"]
[BlackTeam "SF 1967 Sailauf e.V."]
[EventDate "2024.??.??"]
[PlyCount "47"]
[WhiteElo "1695"]
[WhiteTeam "SK Freilassing"]

{  [%evp 0,47,26,44,9,10,40,41,32,32,96,55,88,45,72,47,50,24,66,40,32,21,4,4,40,
18,54,27,33,-7,104,103,125,8,5,5,16,-75,89,89,69,-11,-11,-11,-11,70,52,57,66,
-8] } 1. d4 d5 2. Nf3 c6 3. e3 e6 4. Bd3 f5 5. Nbd2 Nd7 6. c3 Qf6 7. Nb3 Nh6 8.
Bd2 Bd6 9. Qe2 O-O 10. h3 a5 11. a4 Bc7 12. c4 b6 13. Rc1 Bb7 14. Bc3 Rae8 15.
c5 bxc5 16. Nxc5 Nxc5 17. dxc5 e5 18. Qd2 d4 19. Bxa5 dxe3 20. fxe3 Bxa5 21.
Qxa5 e4 22. Bc4+ Kh8 23. Nd4 Qh4+ 24. Ke2  0-1

[Event "34. Bayerische Senioren EM"]
[Site "Bergen im Chiemgau"]
[Date "2024.05.28"]
[Round "1.38"]
[White "Kell, Stefan"]
[Black "Krause, Marianne"]
[Result "1-0"]
[BlackElo "1693"]
[BlackTeam "SK Freilassing"]
[EventDate "2024.??.??"]
[PlyCount "53"]
[WhiteElo "1933"]
[WhiteTeam "SK Mangfalltal"]

1. e4 d5 2. exd5 Qxd5 3. Nc3 Qd8 4. d4 Nf6 5. Nf3 Bf5 6. Bc4 e6 7. O-O c6 8. Bf4
Be7 9. Re1 O-O 10. Ne5 Nbd7 11. Qe2 Nb6 12. Rad1 Nxc4 13. Nxc4 Re8 14. h3 Nd5
15. Nxd5 exd5 16. Ne3 Bg6 17. c3 Bg5 18. Qg4 Bxf4 19. Qxf4 Re4 20. Qg3 Qd7 21.
f3 Re7 22. Ng4 f6 23. Rxe7 Qxe7 24. Re1 Qd7 25. h4 Kf7 26. Qf4 Re8 27. Ne5+ 
1-0

[Event "34. Bayerische Senioren EM"]
[Site "Bergen im Chiemgau"]
[Date "2024.05.28"]
[Round "1.39"]
[White "Mahrla, Hans"]
[Black "Lehmann, Edwin"]
[Result "0-1"]
[BlackElo "1933"]
[BlackTeam "SK Königsspringer Emden"]
[EventDate "2024.??.??"]
[PlyCount "52"]
[WhiteElo "1689"]
[WhiteTeam "SC Eichenau"]

1. e4 d5 2. e5 Bf5 3. f4 c5 4. Nf3 e6 5. Be2 Nc6 6. O-O Qb6 7. Kh1 Be7 8. d3 Bg4
9. Nbd2 Nh6 10. h3 Bxf3 11. Nxf3 Nf5 12. Kh2 O-O 13. c3 d4 14. c4 f6 15. b3
fxe5 16. fxe5 Nxe5 17. Nxe5 Bd6 18. g4 Bxe5+ 19. Kg1 Nh4 20. Rxf8+ Rxf8 21. Qe1
Ng6 22. h4 Qd6 23. h5 Bg3 24. Qd1 Bf2+ 25. Kg2 Qg3+ 26. Kh1 Qh3#  0-1

[Event "34. Bayerische Senioren EM"]
[Site "Bergen im Chiemgau"]
[Date "2024.05.28"]
[Round "1.40"]
[White "Schubert, Joachim"]
[Black "Seibold, Günther"]
[Result "1-0"]
[BlackElo "1688"]
[BlackTeam "SG Traunstein/Traunreut"]
[EventDate "2024.??.??"]
[PlyCount "85"]
[WhiteElo "1926"]
[WhiteTeam "TSG Oberschöneweide e.V."]

1. e4 e6 2. Nf3 d5 3. Nc3 dxe4 4. Nxe4 Bd7 5. d4 Bc6 6. Bd3 Nd7 7. Be3 Ngf6 8.
Nxf6+ Nxf6 9. c3 Bd6 10. Qe2 Ba4 11. Bb5+ Bxb5 12. Qxb5+ Qd7 13. Qxb7 O-O 14.
Qb3 Rfb8 15. Qc2 a5 16. O-O Ng4 17. Bd2 c5 18. h3 Nf6 19. Bg5 Qe7 20. Ne5 Rc8
21. Qd3 h6 22. Bf4 cxd4 23. Qxd4 Bc5 24. Qa4 Qe8 25. Qd1 Rd8 26. Qf3 Nd5 27.
Bg3 f6 28. Nd3 Bd6 29. Bxd6 Rxd6 30. Rfe1 Rc6 31. Re4 Ra7 32. Rae1 Re7 33. c4
Nb4 34. Nxb4 axb4 35. Qb3 Qb8 36. a3 Rb7 37. a4 e5 38. f4 Re7 39. c5+ Kf8 40.
Rxb4 Qc7 41. Rb8+ Re8 42. Rxe8+ Kxe8 43. Qg8+  1-0

[Event "34. Bayerische Senioren EM"]
[Site "Bergen im Chiemgau"]
[Date "2024.05.28"]
[Round "1.41"]
[White "Dreiseitel, Ursula"]
[Black "Mayr, Günter"]
[Result "0-1"]
[BlackElo "1925"]
[BlackTeam "RW Klettham SAB"]
[EventDate "2024.??.??"]
[PlyCount "84"]
[WhiteElo "1668"]
[WhiteTeam "SW Nürnberg Süd"]

1. d4 d5 2. Bf4 c5 3. c3 Nc6 4. Nf3 Nf6 5. Qc2 Bg4 6. Nbd2 e6 7. h3 Bf5 8. Qa4
Bd6 9. Ne5 O-O 10. e3 h6 11. Nxc6 bxc6 12. Qxc6 Bxf4 13. exf4 cxd4 14. cxd4 Qa5
15. Qb5 Qc7 16. g3 Rab8 17. Qc5 Qxc5 18. dxc5 Rxb2 19. Bg2 Rc8 20. Nb3 Bb1 21.
O-O Bxa2 22. Rxa2 Rxa2 23. Rc1 Rb2 24. Nd4 Rb4 25. Nf3 Ne4 26. c6 a5 27. Ne5
Nd6 28. Bf1 f6 29. Nd3 Rb6 30. c7 Nc4 31. Ne1 Rxc7 32. Bxc4 Rxc4 33. Ra1 Ra6
34. Nd3 a4 35. Nb2 Rd4 36. Kf1 a3 37. Nd1 Rd2 38. Nc3 Rc2 39. Na2 Rb6 40. Nc1
Rxc1+ 41. Rxc1 a2 42. Rc8+ Kh7  0-1

[Event "34. Bayerische Senioren EM"]
[Site "Bergen im Chiemgau"]
[Date "2024.05.28"]
[Round "1.42"]
[White "Christen, Pierre"]
[Black "Langer, Raimund"]
[Result "1-0"]
[BlackElo "1665"]
[BlackTeam "SF Kirchhellen 50/72"]
[Time "13:00:00"]
[PlyCount "105"]
[WhiteElo "1917"]
[WhiteTeam "IGS Trier"]

1. c4 e5 2. g3 Nf6 3. Bg2 d5 4. cxd5 Nxd5 5. Nc3 Nb6 6. Nf3 Nc6 7. O-O Be7 8. d3
O-O 9. Bd2 Be6 10. a3 f6 11. b4 a6 12. Rc1 Qd7 13. Ne4 Rfd8 14. Qc2 Rac8 15.
Rfd1 Kh8 16. Be3 Nd4 17. Bxd4 exd4 18. Nc5 Bxc5 19. bxc5 Na8 20. Nd2 c6 21. Ne4
Nc7 22. Rb1 Ne8 23. Rb6 Bd5 24. Rdb1 Rc7 25. Qb2 f5 26. Nd2 Bxg2 27. Kxg2 Qd5+
28. Nf3 Rdd7 29. Rc1 g5 30. Qb3 g4 31. Qxd5 Rxd5 32. Nd2 Nf6 33. Nb3 Re7 34.
Rc2 Kg7 35. Na5 Rdd7 36. Rcb2 Nd5 37. Rxb7 Rxb7 38. Nxb7 Nc3 39. Nd6 Kf6 40.
Kf1 Na4 41. Rc2 Re5 42. Nb7 Rd5 43. Rc4 Nc3 44. e3 Nb1 45. Rxd4 Rxd4 46. exd4
Nxa3 47. Nd8 Nc2 48. Nxc6 Ke6 49. Ke2 Kd5 50. Kd2 Na3 51. Ne7+ Kxd4 52. c6 Nb5
53. Nxf5+  1-0

[Event "34. Bayerische Senioren EM"]
[Site "Bergen im Chiemgau"]
[Date "2024.05.28"]
[Round "1.43"]
[White "Elbert, Helmut"]
[Black "Zerweck, Christoph"]
[Result "0-1"]
[BlackElo "1917"]
[BlackTeam "SV Herrenberg e.V."]
[Time "13:00:00"]
[PlyCount "79"]
[WhiteElo "1658"]
[WhiteTeam "SC-SF 1957 Stockstadt"]

1. d4 d5 2. c4 c6 3. Nc3 Nf6 4. Nf3 e6 5. Bg5 dxc4 6. a4 Bb4 7. e3 Qa5 8. Bxf6
Bxc3+ 9. bxc3 Qxc3+ 10. Nd2 gxf6 11. Rc1 Qa5 12. Rxc4 Nd7 13. g3 Nb6 14. Rc1
Qxa4 15. Qe2 Qa3 16. Qd1 Bd7 17. Bg2 O-O 18. O-O Qe7 19. Qh5 f5 20. Nf3 f6 21.
Rfe1 Qg7 22. e4 Qg6 23. Qh4 Qg4 24. Qh6 fxe4 25. Nh4 Qg5 26. Qxg5+ fxg5 27.
Rxe4 gxh4 28. Rxh4 Rf6 29. Be4 h6 30. Rc5 Nd5 31. g4 b6 32. Rc1 Raf8 33. Rf1
R8f7 34. Kh1 Kf8 35. f3 Nc3 36. Rg1 Nxe4 37. fxe4 Rg6 38. e5 c5 39. dxc5 Bc6+
40. Rg2  0-1

[Event "34. Bayerische Senioren EM"]
[Site "Bergen im Chiemgau"]
[Date "2024.05.28"]
[Round "1.44"]
[White "Lechner, Otto"]
[Black "Sonntagbauer, Manfred"]
[Result "1-0"]
[BlackElo "1650"]
[BlackTeam "SV Almtal"]
[EventDate "2024.??.??"]
[PlyCount "91"]
[WhiteElo "1913"]
[WhiteTeam "TSV Wertingen"]

1. d4 d5 2. Nf3 Nf6 3. e3 Bf5 4. c4 c6 5. Qb3 Qb6 6. c5 Qxb3 7. axb3 Nbd7 8. b4
Bxb1 9. Rxb1 a6 10. Bd3 e6 11. Bd2 Be7 12. Bc3 Ne4 13. Bxe4 dxe4 14. Nd2 f5 15.
Nc4 O-O 16. h4 h5 17. Ke2 Kh7 18. f3 exf3+ 19. gxf3 g6 20. Rbg1 Rg8 21. Be1
Rac8 22. Kd3 Kg7 23. Bg3 Kf7 24. Bf4 Rg7 25. Be5 Nxe5+ 26. Nxe5+ Kf6 27. f4 Rd8
28. Kc3 Ra8 29. Ra1 Bd8 30. Rhg1 Bc7 31. Nd3 Rd8 32. Rge1 Rgd7 33. Re2 Bb8 34.
Rc2 Bc7 35. Kb3 Ra8 36. b5 cxb5 37. c6 bxc6 38. Rxc6 a5 39. Rac1 Bd6 40. Rb6
Rb8 41. Rcc6 Rxb6 42. Rxb6 a4+ 43. Ka2 b4 44. Nxb4 Bxb4 45. Rxb4 Ra7 46. Ka3 
1-0

[Event "34. Bayerische Senioren EM"]
[Site "Bergen im Chiemgau"]
[Date "2024.05.28"]
[Round "1.45"]
[White "Scheler, Heinz"]
[Black "Hansch, Klaus-Michael"]
[Result "0-1"]
[BlackElo "1903"]
[BlackTeam "SC Weisse Dame e.V."]
[EventDate "2024.??.??"]
[PlyCount "34"]
[WhiteElo "1638"]
[WhiteTeam "SC Heilsbronn"]

1. e4 d5 2. exd5 Nf6 3. c4 c6 4. Nc3 cxd5 5. c5 Nc6 6. d4 Bg4 7. Be2 Bxe2 8.
Ngxe2 g6 9. Bg5 Bg7 10. Bf4 O-O 11. h4 Nh5 12. g4 Nxf4 13. Nxf4 Nxd4 14. g5 e6
15. h5 Qxg5 16. Nfe2 Qg2 17. Rf1 Nf3#  0-1

[Event "34. Bayerische Senioren EM"]
[Site "Bergen im Chiemgau"]
[Date "2024.05.28"]
[Round "1.46"]
[White "Melchart, Siegfried"]
[Black "Schießl, Hanns"]
[Result "1-0"]
[BlackElo "1663"]
[BlackTeam "FVS ASP Hoyerswerda"]
[Time "13:00:00"]
[PlyCount "101"]
[WhiteElo "1477"]
[WhiteTeam "SF Bad Reichenhall"]

1. b4 e5 2. Bb2 Qe7 3. b5 Qb4 4. Bxe5 Qxb5 5. Bxc7 Nf6 6. e3 Qc6 7. Bxb8 Rxb8 8.
Nf3 Be7 9. Be2 O-O 10. O-O d5 11. Nd4 Qb6 12. c4 dxc4 13. Bxc4 Bc5 14. Nb3 Bd6
15. Be2 Be6 16. Nc3 Qc7 17. f4 a6 18. Bf3 Rbc8 19. Rc1 Qd7 20. Ne2 Ba3 21. Rxc8
Rxc8 22. Ned4 Bc4 23. d3 Bd5 24. e4 Bxb3 25. Nxb3 Rc3 26. d4 Qc7 27. Qd2 Rc2
28. Qd1 Rxa2 29. e5 Nd7 30. Qd3 Qb6 31. Rb1 Rb2 32. Be4 h6 33. Qc3 Qxb3 34.
Qxb3 Rxb3 35. Rxb3 Bc1 36. Bxb7 a5 37. Bc6 Nf8 38. g3 Ne6 39. Rb8+ Kh7 40. d5
Nd4 41. Ba4 Ba3 42. d6 Ne6 43. f5 Nc5 44. d7 Nxd7 45. Bxd7 g6 46. e6 fxe6 47.
fxe6 Kg7 48. Ba4 Kf6 49. Bb3 Bc5+ 50. Kg2 g5 51. Rb5  1-0

[Event "34. Bayerische Senioren EM"]
[Site "Bergen im Chiemgau"]
[Date "2024.05.29"]
[Round "2.1"]
[White "Röder, Frank"]
[Black "Limbach, Torsten"]
[Result "1-0"]
[BlackElo "1959"]
[BlackTeam "SV Großhansdorf"]
[EventDate "2024.??.??"]
[PlyCount "89"]
[WhiteElo "2279"]
[WhiteTeam "SV Altensittenbach"]

1. e4 c5 2. c3 Nf6 3. e5 Nd5 4. Bc4 e6 5. d4 cxd4 6. cxd4 Nc6 7. Nf3 d6 8. O-O
Be7 9. a3 O-O 10. Nbd2 Nb6 11. Ba2 d5 12. Re1 a5 13. Nb1 Bd7 14. Nc3 a4 15. Qd3
Na5 16. Bb1 g6 17. Bh6 Nb3 18. Bxf8 Qxf8 19. Ra2 Nc4 20. Bc2 b5 21. Qd1 Nca5
22. Nb1 b4 23. Re3 Nc4 24. Rd3 Qh6 25. Bxb3 axb3 26. Rxb3 Ba4 27. axb4 Nb6 28.
Nbd2 Bxb4 29. Qa1 Qf8 30. Rd3 Bc2 31. Rxa8 Nxa8 32. Re3 Nb6 33. b3 Bf5 34. h3
h5 35. Nf1 Qc8 36. Ng3 Qc2 37. Qa6 Nc8 38. Nxf5 gxf5 39. Qd3 Qc1+ 40. Qf1 Qb2
41. Qb5 Bf8 42. Qe8 Qc1+ 43. Kh2 Qc7 44. Ng5 h4 45. Rc3  1-0

[Event "34. Bayerische Senioren EM"]
[Site "Bergen im Chiemgau"]
[Date "2024.05.29"]
[Round "2.2"]
[White "Aßmann, Norbert"]
[Black "Himmel, Hansjörg"]
[Result "0-1"]
[BlackElo "2186"]
[BlackTeam "SV Kamen"]
[Time "09:30:00"]
[PlyCount "42"]
[WhiteElo "1962"]
[WhiteTeam "SF 1967 Sailauf e.V."]

1. Nf3 d5 2. g3 c5 3. Bg2 Nc6 4. O-O e5 5. d3 Be7 6. Nbd2 h5 7. c4 d4 8. Ne4 h4
9. Bg5 hxg3 10. hxg3 f6 11. Bd2 g5 12. Qc1 Be6 13. Nfxg5 fxg5 14. Bxg5 Qd7 15.
Bxe7 Qxe7 16. Ng5 Nh6 17. Nxe6 Qxe6 18. Qg5 Nf7 19. Qd2 O-O-O 20. a3 Rdg8 21.
b4 Ng5  0-1

[Event "34. Bayerische Senioren EM"]
[Site "Bergen im Chiemgau"]
[Date "2024.05.29"]
[Round "2.3"]
[White "Döserich, Jürgen"]
[Black "Hess, Christian"]
[Result "1-0"]
[BlackElo "2159"]
[BlackTeam "FC ST.Pauli"]
[Time "09:30:00"]
[PlyCount "103"]
[WhiteElo "1933"]
[WhiteTeam "SP Freiburg"]

1. d4 d5 2. c4 c6 3. Nc3 Nf6 4. e3 g6 5. Nf3 Bg7 6. Be2 O-O 7. O-O Ne4 8. Qb3
dxc4 9. Bxc4 Nd6 10. Be2 Be6 11. Qc2 Nd7 12. e4 Bg4 13. Rd1 Rc8 14. Be3 Bxf3
15. Bxf3 e5 16. dxe5 Nxe5 17. Be2 Qc7 18. f4 Nec4 19. Bf2 Nxb2 20. Qxb2 Nxe4
21. Bd4 Bxd4+ 22. Rxd4 Nxc3 23. Qxc3 Rfe8 24. Bg4 Rcd8 25. Rxd8 Qxd8 26. Rd1
Qb6+ 27. Qd4 Re1+ 28. Kf2 Qxd4+ 29. Rxd4 Rb1 30. Rd8+ Kg7 31. Rd7 Rb2+ 32. Kg3
Kf8 33. Rc7 a5 34. Bd1 Rxa2 35. Rxb7 Rd2 36. Bf3 a4 37. Bxc6 a3 38. Ra7 a2 39.
Bf3 h6 40. f5 g5 41. f6 Ke8 42. Bh5 Rd6 43. Bxf7+ Kf8 44. Bxa2 Rxf6 45. Bd5 h5
46. Rh7 Rf5 47. Bf3 g4 48. Be4 Ra5 49. Bg6 Ra3+ 50. Kf4 Ra2 51. Be4 Ra5 52. Rd7
 1-0

[Event "34. Bayerische Senioren EM"]
[Site "Bergen im Chiemgau"]
[Date "2024.05.29"]
[Round "2.4"]
[White "Fischer, Manfred"]
[Black "Dresen, Ulrich"]
[Result "1/2-1/2"]
[BlackElo "2122"]
[BlackTeam "Elberfelder SG"]
[EventDate "2024.??.??"]
[PlyCount "67"]
[WhiteElo "1949"]
[WhiteTeam "SK Töging"]

1. e4 e5 2. Nf3 Nf6 3. Nxe5 d6 4. Nf3 Nxe4 5. d3 Nf6 6. d4 Be7 7. Bd3 O-O 8. O-O
Bg4 9. h3 Bh5 10. Re1 c5 11. d5 Nbd7 12. Bf4 Re8 13. c4 Qb6 14. Nc3 a6 15. g4
Bg6 16. Bxg6 hxg6 17. Qc2 Bf8 18. Rxe8 Rxe8 19. Re1 Rxe1+ 20. Nxe1 Qa5 21. Nf3
b5 22. b3 b4 23. Ne2 Qd8 24. Ng3 Ne8 25. Ne4 Ndf6 26. Nfg5 Qe7 27. Qe2 Nxe4 28.
Qxe4 Qxe4 29. Nxe4 Be7 30. Kg2 f6 31. Kf3 Kf7 32. h4 Bf8 33. Ng3 Be7 34. Ne4 
1/2-1/2